|
|
|
|
| LEADER |
00748 a2200181 4500 |
| 008 |
190131b xxu||||| |||| 00| 0 eng d |
| 999 |
|
|
|c 188803
|d 188803
|
| 020 |
|
|
|a 9788182673443
|
| 041 |
|
|
|a MAL
|
| 084 |
|
|
|2 cc
|a O32,31NKU9x
|
| 100 |
|
|
|a Punathil Kunhabdulla
|
| 245 |
|
|
|a Kathi/
|
| 250 |
|
|
|a 2
|
| 260 |
|
|
|b Mathrubhumi Books
|c 2017
|a Kozhikode
|
| 942 |
|
|
|c REF
|
| 952 |
|
|
|0 0
|1 0
|4 0
|6 O_3231NKU9X_Q711
|7 0
|9 329470
|a LIB
|b LIB
|d 2019-01-09
|e 5
|g 70.00
|l 1
|o O32,31NKU9x Q71;1
|p 309603
|r 2019-07-22
|s 2019-07-03
|v 100.00
|y GEN
|
| 952 |
|
|
|0 0
|1 0
|4 0
|6 O_3231NKU9X_Q71
|7 0
|8 KR
|9 329471
|a LIB
|b LIB
|d 2019-01-09
|e 5
|g 70.00
|o O32,31NKU9x Q71
|p 309602
|r 2019-01-09
|v 100.00
|y REF
|
| 952 |
|
|
|0 0
|1 0
|4 0
|6 O_3231NKU9X_K92
|7 0
|9 330234
|a LIB
|b LIB
|d 2019-02-01
|o O32,31NKU9x K9;2
|p 275270
|r 2019-02-01
|y REF
|